On This Day: October 11th II Quiz Stats

 Plays Quiz Updated Oct 11, 2018

Score 0/7 Timer 03:00
0 Plays Today
Question Answer Wrong Answers
Weighing an estimated 54 tons, the NAMES Project ______ Memorial Quilt is displayed publicly for the first time on the National Mall in Washington, DC.
1987
AIDS
85.7%
Breast Cancer
7.3%
Famine
3.1%
Domestic Abuse
3.2%
This American satirical TV sitcom, starring Tina Fey, Alec Baldwin, and Tracy Morgan, debuts on NBC.
2006
30 Rock
85.1%
Parks and Recreation
4.4%
Arrested Development
3.6%
The Office
3.6%
George H. W. Bush, Bill Clinton, and this third-party candidate meet in the first three-way US presidential debate.
1992
Ross Perot
72.8%
Ralph Nader
9.4%
Bob Dole
9%
Michael Dukakis
5.7%
This American football player and sportscaster, a three time Super Bowl champion with the San Francisco 49ers, is born.
1961
Steve Young
64.8%
Kurt Warner
6.1%
Brett Favre
13%
Troy Aikman
15.7%
At Analostan Island, Washington, DC, John Owen runs the first 100 yard dash under ______ seconds.
1890
10
58.7%
8
8.9%
12
24.6%
14
7.6%
Along the Natchez Trace in Tennessee, this explorer, known for his role in the Corps of Discovery, dies under mysterious circumstances.
1809
Meriwether Lewis
52.8%
Davy Crockett
16.4%
Daniel Boone
22.1%
Kit Carson
8.6%
This Mexican poet, essayist, and diplomat, known for works like ‘Piedra de Sol (The Sun Stone)’ and ‘El Laberinto de la Soledad (The Labyrinth of Solitude)’, is awarded the Nobel Prize for literature.
1990
Octavio Paz
21.7%
Gabriel García Márquez
55.5%
Mario Vargas Llosa
12.3%
Julio Cortázar
8.2%

You're not logged in!

Compare scores with friends on all Sporcle quizzes.
OR
Log In

Sporcle TV

Today on Sporcle TV


Watch our educational content, quiz creation guides, and fun videos on Sporcle TV.

Show Comments

Extras

Top Quizzes Today


Score Distribution

Your Account Isn't Verified!

In order to create a playlist on Sporcle, you need to verify the email address you used during registration. Go to your Sporcle Settings to finish the process.

Report this User

Report this user for behavior that violates our Community Guidelines.

Details: